000 00291nam a2200109Ia 4500
008 220204s9999 xx 000 0 und d
082 _a001.5
_bMOH
100 _aMohr, H
245 0 _aLecture on structure and significance of science
260 _aNew York
_bSpringer Verlag
_c1977
942 _cBK
999 _c27155
_d27155